| 000 | 00489nam a22001817a 4500 | ||
|---|---|---|---|
| 005 | 20250327170923.0 | ||
| 008 | 250327b |||||||| |||| 00| 0 eng d | ||
| 020 | _a9780071111027 | ||
| 050 |
_aHF 1416 _b.C375 CAT |
||
| 082 | _2INT EDITION | ||
| 100 | _aCATEORA, PHILIP R. | ||
| 245 |
_aINTERNATIONAL MARKETING _cPHILIP R. CATEORA |
||
| 250 | _a12TH EDITION | ||
| 260 |
_aBOSTON _bMCGRAW-HILL _cc2005 |
||
| 300 |
_axxxiii, 697p,; _bill; |
||
| 700 | _aJOHN L. GRAHAM | ||
| 942 |
_2lcc _cBK _n0 |
||
| 999 |
_c5267 _d5267 |
||